| 000 | 00980nam a2200229Ia 4500 | ||
|---|---|---|---|
| 003 | GCL | ||
| 005 | 20240530105059.0 | ||
| 008 | 140319s9999 xx 000 0 ara d | ||
| 040 |
_aGCL / _cGCL |
||
| 082 | 0 | 4 |
_a069.962 _bق/ع ا |
| 100 | 1 | _aعزيزة سعيد محمود | |
| 245 | 1 | 0 |
_aالاقنعة الجصية الملونة من مصر الرومانية : _bالمجموعة الاولى من سلسلة الدراسات بالمتحف اليونانى الرومانى / _cعزيزة سعيد محمود |
| 260 |
_aالقاهرة : _bالهيئة المصرية العامة للكتاب ، _c1981 |
||
| 300 |
_a57 ص : _bصور ؛ _c20 سم |
||
| 650 | 0 | 4 | _aمصر القديمة |
| 650 | 0 | 4 | _aالاثار اليونانية الرومانية |
| 650 | 0 | 4 | _aالمتحف اليونانى الرومانى |
| 650 | 0 | 4 | _aالاسكندرية |
| 650 | 0 | 4 | _aالعصر اليونانى الرومانى |
| 653 | _aالاقنعة الجصية | ||
| 942 |
_2ddc _cBK |
||
| 999 |
_c52988 _d52988 |
||